Teeny tiny woman (The) / (Record no. 103740)
[ view plain ]
| 000 -LEADER | |
|---|---|
| fixed length control field | 00731nam a2200193 a 4500 |
| 005 - DATE AND TIME OF LATEST TRANSACTION | |
| control field | 20140412111307.0 |
| 008 - FIXED-LENGTH DATA ELEMENTS--GENERAL INFORMATION | |
| fixed length control field | 010425s19uu xx 00 eng d |
| 020 ## - INTERNATIONAL STANDARD BOOK NUMBER | |
| International Standard Book Number | 0-394-88320-9 |
| 050 ## - LIBRARY OF CONGRESS CALL NUMBER | |
| Classification number | TR(PS E |
| Item number | Te22 1986 |
| 100 ## - MAIN ENTRY--PERSONAL NAME | |
| Personal name | O'Connor, Jane |
| 245 ## - TITLE STATEMENT | |
| Title | Teeny tiny woman (The) / |
| Statement of responsibility, etc | retold by Jane O'Connor ; illustrated by R. W. Alley. |
| 260 ## - PUBLICATION, DISTRIBUTION, ETC. (IMPRINT) | |
| Place of publication, distribution, etc | New York : |
| Name of publisher, distributor, etc | Random House, |
| Date of publication, distribution, etc | 1986. |
| 300 ## - PHYSICAL DESCRIPTION | |
| Extent | 32p. ; ill. |
| 440 ## - SERIES STATEMENT/ADDED ENTRY--TITLE | |
| Title | Step into reading, A step 1 book |
| 520 ## - SUMMARY, ETC. | |
| Summary, etc | A teeny tiny woman who puts a teeny tiny bone she finds in a churchyard away in a cupboard before she goes to sleep is awakened by voice demanding the return of the bone. |
| 650 ## - SUBJECT ADDED ENTRY--TOPICAL TERM | |
| Topical term or geographic name as entry element | Ghosts-Folklore |
| 650 ## - SUBJECT ADDED ENTRY--TOPICAL TERM | |
| Topical term or geographic name as entry element | Folklore-England |
| Withdrawn status | Lost status | Damaged status | Home library | Current library | Shelving location | Date acquired | Source of acquisition | Cost, normal purchase price | Total Checkouts | Full call number | Barcode | Date last seen | Price effective from | Koha item type |
|---|---|---|---|---|---|---|---|---|---|---|---|---|---|---|
| Elizalde Library | Elizalde Library | Teachers Reference Section | 04/25/2001 | 85.75 | TR(PS E Te22 1986 | E5802 | 04/12/2014 | 04/12/2014 | Books |